000 01240nam a2200337 a 4500
001 000115522
003 CHAP
005 20220329144538.0
008 190531s2018 mx a |sm |||||||spa d
010 _a111983
011 _a112955
040 _cCHAP
090 _aTesis
100 1 _aPérez Vásquez, Erica.
_9135835
245 1 0 _aContribución al conocimiento etnobotánico de los recursos vegetales de San Pedro Sochiapam, Cuicatlán, Oaxaca
_h[En línea]
_cpor Erica Pérez Vásquez.
260 _aChapingo, Méx. :
_bEl autor,
_c2018.
500 _aPara ver el contenido del material haga clic en la liga
502 _aTesis (Ing. Agr. Esp. en Fitotecnia) -- UACH. Departamento de Fitotecnia
590 _aBATCH-UPD
_b05
_c20190531
_lUCH01
_h1520
590 _aE6339RRR
_b05
_c20190531
_lUCH01
_h1519
590 _aE6339RRR
_b05
_c20190531
_lUCH01
_h1520
590 _aE6339RRR
_b05
_c20190531
_lUCH01
_h1522
650 1 4 _aEtnobotánica
_zOaxaca.
_938648
650 1 4 _aPlantas comestibles.
_988906
650 1 4 _aRecursos naturales
_xAprovechamiento.
_995190
650 1 4 _aRecursos vegetales.
_995337
856 _aFinding aid
_uhttp://10.13.5.2/tesis/sist115522.pdf
_zTeclea aquí
901 _aBK
942 _cTESIS
942 _n0
999 _c111983
_d111983